000 00684nas a2200229 4500
001 BR8701378
003 BR-BrBNA
005 20231205090608.0
007 ta
008 230509b bl.|||p| |||| 00| 00por d
040 _aBR-BrBNA
_bpor
_cBiblioteca Nacional de Agricultura
041 _a(Pt)
072 _aK10
100 1 _aFirkowski, O.
245 1 _aAlguns aspectos tecnicos e economicos da poda florestal nos Estados Unidos
650 _aPODA
650 _aARVORE FLORESTAL
650 _aESTADOS UNIDOS DA AMERICA
773 0 _tFloresta (Brazil)
_xISSN 0015-3826
_g(1985), v. 15(1-2) p. 10-16
_wBR8701378
909 _a202311
_bLúcia
_c55
_dLúcia Elande
942 _2AGRIS
_n0
_cANA
999 _c119620
_d119620